Spoločne v boji proti fažizmu : Ilegálna KSS a formovanie protifašistického Národného frontu na strednom Slovensku od roku 1938 do 29. augusta 1944 /

Hlavní autor: Fremal, Karol, 1943-
Další autoři: Motoška, Vladimír, 1927-, Hozák, Július, Korim, Vojtech, 1949-
Jazyk: Slovenština
Vydáno: Martin : Osveta, 1984
Vydání: 1. vyd.
Fyzický popis: 211 s.
Knihy
Uloženo v:
LEADER 01132nam a2200277 a 4500
001 000449681
003 CZ BrMZK
005 20040414123435.0
007 ta
008 010907s1984 xo f slo d
040 |a BOA001  |b cze 
080 |a 329.18:943.764"1938/1944"  |2 MRF 
080 |a 943.764(437.64)"1938/1944":329.18  |2 MRF 
080 |a 329.15(437.64)"1938/1944":329.18  |2 MRF 
080 |a 329.18:329.15(437.64)"1938/1944"  |2 MRF 
100 1 |a Fremal, Karol,  |d 1943-  |7 mzk2004230828  |4 aut 
245 1 0 |a Spoločne v boji proti fažizmu :  |b Ilegálna KSS a formovanie protifašistického Národného frontu na strednom Slovensku od roku 1938 do 29. augusta 1944 /  |c Karol Fremal, Vojtech Korim, Vladimír Motoška ; Zost. Július Hozák 
250 |a 1. vyd. 
260 |a Martin :  |b Osveta,  |c 1984 
300 |a 211 s. 
700 1 |a Motoška, Vladimír,  |d 1927-  |7 mzk2002143943  |4 aut 
700 1 |a Hozák, Július  |7 jx20061013026  |4 com 
700 1 |a Korim, Vojtech,  |d 1949-  |7 mzk2004230829  |4 aut 
910 |a BOA001  |b 2-0882.569 
990 |a BK 
996 7 |b 2619258328  |c 2-0882.569  |l MZK  |r Sklad / do 1 hodiny  |n 1  |w 000449681  |u 000010  |a 1  |e BOA001  |j MZK50  |s A